| 000 | 01435nam a2200289 a 4500 | ||
|---|---|---|---|
| 003 | BLK | ||
| 005 | 20240612151541.0 | ||
| 008 | 180409b bul|||||r ||||||| ||bul|| | ||
| 040 | _aBLK | ||
| 041 |
_aBUL _cBUL |
||
| 080 |
_aСоциални грижи. Социално осигуряване. Застрахователно дело. Вж и 061;172;316;304;308;311;34;37;614. 8 _b36 _x(47+57) _z36(47+57) |
||
| 080 |
_aСоциалистическо и комунистическо общество - като социална система. Безкласови общества _b316.323.7 _z316.323.7(47+57) |
||
| 100 |
_aНемов, Николай Василиевич _9444775 |
||
| 245 | 1 | 0 |
_aСталинска грижа за благото на народа _cН. Немов ; прев. от рус. Катя Койчева. |
| 257 | _aBGR | ||
| 260 |
_aСофия _bПрофиздат _c1952 _9210729 |
||
| 300 |
_a112 с. _c18 см |
||
| 380 | _a3 | ||
| 500 | _aОриг. загл. Сталинская забота о благе народа | ||
| 650 | 0 |
_aЖизнено равнище _9292388 |
|
| 650 | 0 |
_aСоциално-икономическо положение - СССР _9317968 |
|
| 651 | 7 |
_9179592 _aСССР |
|
| 700 |
_9281153 _aКойчева, Катя Атанасова |
||
| 942 |
_cKNG _n0 _s1 |
||
| 944 |
_aCR _c2024-06-12 _k30560 _lГеновева Генчева |
||
| 999 |
_c407294 _d407294 |
||